Caricamento...

Combined methods in indology and other writings

Dettagli Bibliografici
Autore principale: Kosambi, D D
Natura: Printed Book
Pubblicazione: Newdelhi OUP 2002
Soggetti:
LEADER 00580nam a22001457a 4500
020 |a 0195642392 
100 |a Kosambi, D D 
245 |a Combined methods in indology and other writings 
260 |a Newdelhi  |b OUP  |c 2002 
300 |a 832P 
650 |a Ancient india 
942 |c BK 
999 |c 288331  |d 288331 
952 |0 0  |1 0  |4 0  |6 934_000000000000000_KOS_C  |7 0  |9 327640  |a HIS  |b HIS  |c REF  |d 2013-08-12  |i 22872  |l 0  |o 934 KOS/C  |p HIS22872  |r 2013-08-12  |w 2018-08-23  |y REF 
952 |0 0  |1 0  |4 0  |6 934_000000000000000_KOS_C  |7 0  |9 327641  |a HIS  |b HIS  |c ST1  |d 2017-11-17  |i 22916  |l 0  |o 934 KOS/C  |p HIS22916  |r 2019-10-22  |w 2018-08-23  |y BK